A Web-Based Approach to Measure Skill Mismatches and Skills Profiles for a Developing Country

Detalles Bibliográficos
Autor principal: Cr̀denas Rubio, Jeisson
Formato: eBook
Lenguaje:inglés
Publicado: Bogot:̀ Universidad del Rosario, 2020
Materias:
Acceso en línea:Acceso restringido

MARC

LEADER 00000nam a22000007a 4500
005 20220210223229.0
007 cr|||| ||||
008 220210s2020 co |||||s|||| 00||0 eng d
020 |a 978-958-784-546-4 
035 |a 35909 
040 |a vLex 
090 |c 12940  |d 12940 
100 1 |a Cr̀denas Rubio, Jeisson 
245 1 1 |a A Web-Based Approach to Measure Skill Mismatches and Skills Profiles for a Developing Country  |h [Recurso electrn̤ico] /  |c Jeisson Cr̀denas Rubio 
256 |a Servicio en ln̕ea 
260 |a Bogot:̀  |b Universidad del Rosario,  |c 2020 
300 |a 1 recurso electrn̤ico 
506 1 |a Disponible solo en los productos indicados  |d vLex Global  |d vLex Global (Academic Edition, excluding Law Schools)  |d vLex Global (U.S. Academic Edition, Law Schools)  |d vLex Global (U.S. Academic Edition, excluding Law Schools)  |d vLex Global (Academic Edition, Law Schools) 
650 0 4 |a Derecho de las Nuevas Tecnologa̕s  |z Colombia 
740 0 |a vLex Libros (Servicio en ln̕ea) 
856 4 0 |u https://app.vlex.com/#/sources/35909  |z Acceso restringido 
942 |c BOOK 
999 0 |a Law of New Technologies